[Event "Ä13Â"]
[Site "Loo"]
[Date "2017.04.24"]
[Round "5.23"]
[White "Êîñòèíà, Àëåêñàíäðà."]
[Black "Íèêîëàåâà, Íàäåæäà."]
[Result "1-0"]
[WhiteElo "1442"]
[BlackElo "1611"]
[PlyCount "153"]
[EventDate "2017.04.20"]

1. e4 c5 2. c3 Nf6 3. e5 Nd5 4. d4 cxd4 5. Nf3 Nc6 6. cxd4 d6 7. Bc4 Nb6 8. Bb3
Bg4 9. Bxf7+ Kxf7 10. Ng5+ Ke8 11. Qxg4 dxe5 12. Ne6 Qd6 13. Nxg7+ Bxg7 14.
Qxg7 Qf6 15. Qxf6 exf6 16. dxe5 Nxe5 17. O-O Kf7 18. Be3 Nbc4 19. Bd4 Rhg8 20.
Bxe5 Nxe5 21. Nc3 Rad8 22. Rfd1 Nf3+ 23. Kh1 Ne5 24. Rxd8 Rxd8 25. Rd1 Re8 26.
g3 Re7 27. Kg2 a6 28. b3 Rc7 29. Ne4 Ke7 30. Rd2 Nd7 31. Re2 Nf8 32. Ng5+ Kd7
33. Ne4 Ke7 34. Nc3+ Kf7 35. Nd5 Rd7 36. Nb6 Rd6 37. Nc4 Rd7 38. Rd2 Rc7 39.
Rd6 Ke7 40. Rd2 Kf7 41. Ne3 Ne6 42. Rd6 Ke7 43. Nf5+ Kf7 44. Rb6 Nd8 45. Rd6
Ne6 46. Rd2 Nf8 47. Ne3 Ne6 48. Nc4 Ke7 49. Nb6 Kf7 50. Rd7+ Rxd7 51. Nxd7 Ke7
52. Nb6 Kd6 53. Kf3 Kc6 54. Nc4 Kc5 55. Ke4 Ng7 56. a3 b5 57. Ne3 a5 58. f4 Kc6
59. Nf5 Ne8 60. Nd4+ Kc5 61. Ne6+ Kd6 62. Nf8 h6 63. Kf5 Ke7 64. Ng6+ Kf7 65.
Nh4 Nd6+ 66. Kg4 a4 67. bxa4 bxa4 68. Nf3 Nc4 69. Nd4 Nxa3 70. Kf5 Nb5 71. Nxb5
Ke7 72. Na3 Kd6 73. Ke4 Kc5 74. Kd3 Kb4 75. Nc2+ Kb3 76. g4 Kb2 77. h4 1-0

[Event "Ä13Â"]
[Site "Loo"]
[Date "2017.04.24"]
[Round "5.24"]
[White "Ëîñåâà, Ìàðãàðèòà."]
[Black "Åðøîâà, Ìàðãàðèòà."]
[Result "0-1"]
[WhiteElo "1439"]
[BlackElo "1593"]
[PlyCount "114"]
[EventDate "2017.04.20"]

1. e4 d5 2. exd5 Qxd5 3. Nf3 Bg4 4. Be2 Nf6 5. d4 c6 6. O-O e6 7. c4 Qd8 8. Qb3
Qb6 9. Qxb6 axb6 10. Be3 Bd6 11. c5 bxc5 12. dxc5 Be7 13. Nbd2 Nd5 14. Nb3 Nd7
15. Rfc1 O-O 16. Nfd4 Bxe2 17. Nxe2 Rfd8 18. Bd2 N7f6 19. Ng3 h6 20. a3 Ng4 21.
Bc3 Nxc3 22. Rxc3 Bf6 23. Rc2 Rd3 24. Nd2 Rad8 25. Nde4 Be7 26. h3 Ne5 27. Nf1
R3d4 28. Ned2 Nd3 29. b4 Bf6 30. Rb1 Nf4 31. Kh2 Ng6 32. g3 h5 33. Rc4 Rd3 34.
a4 h4 35. Ne4 Be5 36. Kg2 hxg3 37. fxg3 Ne7 38. h4 Nd5 39. Nf2 Ne3+ 40. Nxe3
Rxe3 41. g4 Rd2 42. Kf1 Rf3 43. Ke1 Rdxf2 44. Kd1 Rh3 45. Re4 Bc3 46. Re2 Rh1+
47. Kc2 Rxe2+ 48. Kxc3 Rxb1 49. Kc4 Re4+ 50. Kc3 Rbxb4 51. g5 Rxh4 52. a5 Rbg4
53. Kd3 Rg3+ 54. Ke2 Rh2+ 55. Kf1 Ra3 56. Kg1 Rb2 57. Kf1 Ra1# 0-1

[Event "Ä13Â"]
[Site "Loo"]
[Date "2017.04.24"]
[Round "5.25"]
[White "Ãðàíêèíà, Àëèñà."]
[Black "Áàêóëîâà, Òàòüÿíà."]
[Result "1-0"]
[WhiteElo "1585"]
[BlackElo "1395"]
[PlyCount "91"]
[EventDate "2017.04.20"]

1. e4 e6 2. Nf3 d5 3. Nc3 d4 4. Ne2 c5 5. c3 Nf6 6. e5 Nfd7 7. cxd4 cxd4 8.
Nexd4 Qb6 9. Nb3 Nc5 10. Nxc5 Bxc5 11. d4 Bb4+ 12. Bd2 Nc6 13. Bxb4 Qxb4+ 14.
Qd2 Qxd2+ 15. Kxd2 Ke7 16. a3 Bd7 17. Ke3 Rac8 18. Nd2 Rhd8 19. Nc4 Nxd4 20.
Kxd4 Bb5+ 21. Nd6 Ba4 22. Bd3 Bc6 23. Ke3 Rc7 24. Rhg1 h6 25. g3 Rcd7 26. f4
Bd5 27. Rac1 Bc6 28. Rc3 Rg8 29. Be4 Bxe4 30. Kxe4 a6 31. Rgc1 Rdd8 32. Rc7+
Rd7 33. Rxb7 Rxb7 34. Nxb7 Rb8 35. Rc7+ Kf8 36. b4 Ra8 37. Nd6 a5 38. Rc8+ Rxc8
39. Nxc8 axb4 40. axb4 Ke8 41. Nd6+ Ke7 42. b5 f6 43. b6 f5+ 44. Nxf5+ exf5+
45. Kxf5 Kd7 46. e6+ 1-0

[Event "Ä13Â"]
[Site "Loo"]
[Date "2017.04.24"]
[Round "5.27"]
[White "Ñòàêèíà, Ìåëèññà."]
[Black "Þñóïîâà, Ýëèíà."]
[Result "1/2-1/2"]
[WhiteElo "1429"]
[BlackElo "1481"]
[PlyCount "80"]
[EventDate "2017.04.20"]

1. d4 d5 2. Bf4 Bf5 3. e3 Nf6 4. Nf3 e6 5. Bd3 Bxd3 6. Qxd3 Nc6 7. c3 Bd6 8.
Bg3 O-O 9. O-O h6 10. Nbd2 Bxg3 11. hxg3 Qd6 12. e4 dxe4 13. Nxe4 Nxe4 14. Qxe4
Rad8 15. Rfe1 Rfe8 16. Rad1 b5 17. Ne5 Nxe5 18. Qxe5 Qd5 19. Qxd5 Rxd5 20. Ra1
a5 21. a3 b4 22. axb4 axb4 23. Ra7 bxc3 24. bxc3 c5 25. Ra5 Rc8 26. dxc5 Rdxc5
27. Rxc5 Rxc5 28. Rc1 Kf8 29. Kf1 Ke7 30. Ke2 Kd6 31. Kd3 Ra5 32. Rc2 Kc5 33.
Rb2 Ra7 34. c4 Ra3+ 35. Ke2 Ra7 36. Kd3 Ra3+ 37. Ke2 Ra7 38. Kd3 Ra3+ 39. Ke2
Ra7 40. Kd3 Ra3+ 1/2-1/2

[Event "Ä13Â"]
[Site "Loo"]
[Date "2017.04.24"]
[Round "5.28"]
[White "Äîðîõèíà, Åëèçàâåòà."]
[Black "Êîìëåâà, Àííà."]
[Result "1/2-1/2"]
[WhiteElo "1452"]
[BlackElo "1472"]
[PlyCount "141"]
[EventDate "2017.04.20"]

1. e4 e5 2. Nf3 Nc6 3. d4 exd4 4. Nxd4 Nf6 5. Nxc6 bxc6 6. Bd3 d5 7. exd5 cxd5
8. h3 Be7 9. O-O O-O 10. c3 Be6 11. Nd2 c5 12. Nf3 Qb6 13. b3 Rfd8 14. Bb2 a5
15. Qc2 Rab8 16. Rab1 Rbc8 17. Qe2 d4 18. Rfd1 dxc3 19. Bxc3 Nd5 20. Bd2 Bf6
21. Rdc1 Rc7 22. Bc4 Rcd7 23. Re1 h6 24. Rbc1 Re7 25. Qf1 Bb2 26. Rb1 Bc3 27.
Bxd5 Bxd2 28. Nxd2 Rxd5 29. Nc4 Qa7 30. Red1 Rxd1 31. Rxd1 Bxc4 32. Qxc4 Qc7
33. Qd3 Re8 34. Qc2 Qe5 35. g3 Qh5 36. Kg2 Qe5 37. Rd2 Qc7 38. Qf5 Qc6+ 39. Qf3
Qc7 40. Qd5 Rf8 41. Rc2 Rc8 42. Qe4 Rf8 43. Kh2 Rc8 44. Rd2 Rf8 45. Qf5 Qc6 46.
Rd5 Rc8 47. Rd7 Rf8 48. Qd5 Qxd5 49. Rxd5 Rc8 50. Kg2 Kf8 51. Re5 f6 52. Rd5
Ke7 53. Kf3 Ke6 54. Ke4 g6 55. g4 h5 56. f3 c4 57. bxc4 Rxc4+ 58. Rd4 f5+ 59.
Kd3 Rxd4+ 60. Kxd4 fxg4 61. fxg4 hxg4 62. hxg4 Kf6 63. Ke4 Kg5 64. Kf3 a4 65.
a3 Kh4 66. Kf4 Kh3 67. Kg5 Kg3 68. Kf6 Kxg4 69. Kxg6 Kf4 70. Kh5 Ke4 71. Kg4
1/2-1/2

[Event "Ä13Â"]
[Site "Loo"]
[Date "2017.04.24"]
[Round "5.29"]
[White "Ëåñíûõ, Æàííà."]
[Black "Àáðàìîâà, Òàòüÿíà."]
[Result "1-0"]
[WhiteElo "1513"]
[BlackElo "1508"]
[PlyCount "61"]
[EventDate "2017.04.20"]

1. e4 e5 2. Nf3 Nc6 3. Bc4 Nf6 4. d3 Be7 5. O-O O-O 6. c3 d5 7. exd5 Nxd5 8. h3
Kh8 9. Re1 f6 10. d4 exd4 11. Nxd4 Nb6 12. Nxc6 Qxd1 13. Rxd1 bxc6 14. Bb3 Bd6
15. Nd2 f5 16. Nf3 g6 17. Bh6 Nd7 18. Bxf8 Nxf8 19. Re1 Bb7 20. Rad1 c5 21. Ng5
Kg7 22. Nf7 c4 23. Bxc4 Bc5 24. b4 Bb6 25. Rd8 Rxd8 26. Nxd8 Bc8 27. Re7+ Kh6
28. Nf7+ Kh5 29. Be2+ Kh4 30. g3+ Kxh3 31. Ng5# 1-0

[Event "Ä11Â"]
[Site "Loo"]
[Date "2017.04.24"]
[Round "5.1"]
[White "Ïîëÿòî, Èðèíà."]
[Black "Øóáåíêîâà, Âåðîíèêà."]
[Result "1-0"]
[WhiteElo "1475"]
[BlackElo "1515"]
[PlyCount "155"]
[EventDate "2017.04.20"]

1. d4 Nf6 2. c4 e6 3. Nc3 Bb4 4. Bd2 b6 5. Nf3 Bb7 6. e3 O-O 7. Bd3 h6 8. O-O
Bxc3 9. Bxc3 Ne4 10. Be1 d6 11. Qe2 Qe7 12. Nd2 Nxd2 13. Bxd2 c5 14. Bc3 Nd7
15. Rfe1 Rfe8 16. Rad1 Rad8 17. Bc2 Nf8 18. Ba4 Nd7 19. Rd2 Rf8 20. Red1 d5 21.
Bb3 dxc4 22. Bxc4 cxd4 23. Rxd4 Nc5 24. Qg4 Rxd4 25. Bxd4 Qg5 26. Qxg5 hxg5 27.
Bxc5 bxc5 28. Rd7 Rb8 29. b3 Bd5 30. Bf1 Rb7 31. Rd8+ Kh7 32. Rc8 Be4 33. Rxc5
Bb1 34. Ra5 Rd7 35. f3 f6 36. a4 Rd1 37. Kf2 Rd2+ 38. Kg1 Rd1 39. Kf2 Rd2+ 40.
Kg3 Rd7 41. b4 Rb7 42. b5 Kg8 43. Bc4 Kf7 44. Ra6 Re7 45. e4 Ke8 46. Bxe6 Bd3
47. Bd5 Kd8 48. Kf2 Rc7 49. Rd6+ Rd7 50. Rxd7+ Kxd7 51. Ke3 Bc2 52. a5 Ba4 53.
Bc4 Kd6 54. Kd4 Bd1 55. Bd5 Be2 56. b6 axb6 57. axb6 Bf1 58. g3 Bg2 59. f4 gxf4
60. gxf4 Bh3 61. e5+ fxe5+ 62. fxe5+ Kd7 63. Kc5 Bf5 64. e6+ Bxe6 65. Bxe6+
Kxe6 66. b7 Kf5 67. b8=Q g6 68. Qg3 Kf6 69. Kd5 g5 70. Qg4 Kg6 71. Ke5 Kf7 72.
Qxg5 Kf8 73. Kf6 Ke8 74. Qg7 Kd8 75. Ke6 Kc8 76. Kd6 Kb8 77. Kc6 Ka8 78. Qb7#
1-0

[Event "Ä11Â"]
[Site "Loo"]
[Date "2017.04.24"]
[Round "5.2"]
[White "Ôåäîðîâà, Îëåñÿ."]
[Black "Ñâåðãèíà, Ñîôüÿ."]
[Result "1-0"]
[WhiteElo "1414"]
[BlackElo "1228"]
[PlyCount "91"]
[EventDate "2017.04.20"]

1. e4 c6 2. d4 d5 3. exd5 cxd5 4. Bd3 Nc6 5. c3 Nf6 6. Bf4 Bg4 7. Qb3 Qc8 8.
Nd2 e6 9. Ngf3 Be7 10. O-O Bh5 11. Ne5 Nxe5 12. Bxe5 O-O 13. Rac1 Bg6 14. Bxg6
hxg6 15. c4 Qd7 16. c5 Nh7 17. Nf3 Nf6 18. Bg3 a6 19. Ne5 Qb5 20. Qxb5 axb5 21.
a3 Ne4 22. Rfd1 Rfd8 23. f3 Nxg3 24. hxg3 Bf6 25. f4 Bxe5 26. fxe5 f6 27. Re1
f5 28. c6 bxc6 29. Rxc6 Kf7 30. Rc7+ Kf8 31. Kf2 Rab8 32. Rec1 Rb6 33. Ra7 g5
34. Rcc7 g6 35. Rf7+ Kg8 36. Rg7+ Kf8 37. Rxg6 Rc8 38. Rf6+ Kg8 39. Rg6+ Kh8
40. Rh6+ Kg8 41. Rah7 Rf8 42. Rh8+ Kf7 43. Rf6+ Ke7 44. Rhxf8 Kd7 45. R6f7+ Kc6
46. Rc8# 1-0

[Event "Ä11Â"]
[Site "Loo"]
[Date "2017.04.24"]
[Round "5.3"]
[White "Êóçíåöîâà, Îëüãà."]
[Black "Ìèõååâà, Ãàëèíà."]
[Result "0-1"]
[WhiteElo "1405"]
[BlackElo "1569"]
[PlyCount "134"]
[EventDate "2017.04.20"]

1. e4 e5 2. Nf3 Nc6 3. Bb5 Nf6 4. d3 Bc5 5. c3 O-O 6. O-O h6 7. Re1 d6 8. Nbd2
a6 9. Ba4 b5 10. Bc2 Re8 11. h3 Bb6 12. Nf1 d5 13. d4 dxe4 14. Bxe4 Nxe4 15.
Rxe4 Bf5 16. Re1 exd4 17. Rxe8+ Qxe8 18. cxd4 Rd8 19. Be3 Be4 20. N1h2 Qd7 21.
Qd2 Nxd4 22. Bxd4 Bxd4 23. Rd1 Bxf3 24. Nxf3 c5 25. b4 Qd6 26. Kh1 Qc7 27. Qc2
Rc8 28. Re1 Bf6 29. bxc5 Qc6 30. Nd2 a5 31. Ne4 Be7 32. f3 f5 33. Nd2 Qxc5 34.
Qxc5 Bxc5 35. Rc1 Rc7 36. Nb3 Bb6 37. Rxc7 Bxc7 38. Nd4 b4 39. Nxf5 Kf7 40. Nd4
Ke7 41. g4 Bb6 42. Ne2 Kd6 43. Kg2 Kc5 44. f4 a4 45. g5 b3 46. axb3 a3 47. Nc1
Kb4 48. gxh6 gxh6 49. f5 Bd4 50. Kf3 Bb2 51. Nd3+ Kxb3 52. Nc5+ Kc4 53. Na4 Kb4
54. Nb6 a2 55. Nd5+ Kc5 56. f6 Bxf6 57. Nxf6 a1=Q 58. Ng4 Qc3+ 59. Kf4 Qxh3 60.
Ne3 h5 61. Nf5 Qg4+ 62. Ke5 h4 63. Ne3 Qg3+ 64. Ke4 h3 65. Nf5 Qg4+ 66. Ke5 h2
67. Ne3 Qg6 0-1

[Event "Ä11Â"]
[Site "Loo"]
[Date "2017.04.24"]
[Round "5.4"]
[White "Ìàéêîâåö, ßíà."]
[Black "Êëåéìåíîâà, Âàëåðèÿ."]
[Result "0-1"]
[WhiteElo "1401"]
[BlackElo "1465"]
[PlyCount "114"]
[EventDate "2017.04.20"]

1. d4 f5 2. c4 e6 3. Nf3 d5 4. Bf4 c6 5. e3 Nf6 6. Nc3 Bd6 7. Bd3 O-O 8. Rc1
Bc7 9. h3 Bxf4 10. exf4 Ne4 11. O-O Nf6 12. Ne5 Qb6 13. Be2 Qxb2 14. c5 Qb4 15.
Qa4 Qxa4 16. Nxa4 Nbd7 17. Bf3 Nxe5 18. fxe5 Ne8 19. Nc3 Nc7 20. a4 Bd7 21. Rb1
Rab8 22. Rb2 Bc8 23. Ne2 g5 24. Nc1 g4 25. Be2 b6 26. cxb6 axb6 27. Nb3 b5 28.
Na5 Bd7 29. axb5 cxb5 30. Rc1 Ne8 31. Rc5 b4 32. Nc6 Bxc6 33. Rxc6 Ng7 34. Rc1
Rfc8 35. Rcb1 gxh3 36. gxh3 Kf7 37. Rxb4 Rc1+ 38. Rxc1 Rxb4 39. Rd1 Rb2 40. Bf3
Rb3 41. Kg2 Ke7 42. Rd2 Ne8 43. Be2 Rc3 44. Rd3 Rxd3 45. Bxd3 Ng7 46. f4 Nh5
47. Kf3 Kd7 48. Ke3 Ng3 49. Kf3 Ne4 50. Bxe4 dxe4+ 51. Ke3 Kc6 52. h4 Kd5 53.
h5 h6 54. Ke2 Kxd4 55. Kd2 e3+ 56. Ke2 Ke4 57. Ke1 Kxf4 0-1

[Event "Ä11Â"]
[Site "Loo"]
[Date "2017.04.24"]
[Round "5.5"]
[White "Ôðîëîâà, Àëèêà."]
[Black "Àëåøèíà, Àðèíà."]
[Result "1-0"]
[WhiteElo "1441"]
[BlackElo "1391"]
[PlyCount "135"]
[EventDate "2017.04.20"]

1. e4 c5 2. Nf3 Nc6 3. Bb5 e6 4. Bxc6 bxc6 5. d3 Ne7 6. Qe2 Ng6 7. h4 h5 8. e5
f6 9. Qe4 Kf7 10. Bg5 Qc7 11. Bf4 Qb8 12. b3 Qb4+ 13. Qxb4 cxb4 14. Bg3 Be7 15.
Nbd2 fxe5 16. Nxe5+ Nxe5 17. Bxe5 d6 18. Bd4 Bb7 19. Nf3 c5 20. Bb2 e5 21. a3
a5 22. a4 g6 23. Ke2 Rhf8 24. Rae1 Kg8 25. Rh3 Bxf3+ 26. gxf3 Rf5 27. Rg1 Kh7
28. Rhg3 Rg8 29. Rh1 Rf4 30. Rgh3 Rgf8 31. Bc1 R4f5 32. Rg1 Bd8 33. Rhg3 Rg8
34. Rh3 d5 35. Bd2 Bc7 36. Rhg3 Rf7 37. R3g2 Bd8 38. Bg5 Bc7 39. Bd2 Re7 40.
Bg5 Ree8 41. Be3 Bd6 42. Rg5 Re6 43. R5g2 e4 44. fxe4 dxe4 45. dxe4 Rxe4 46.
Rh1 Bf4 47. Kf3 Bxe3 48. Kxe4 Bd4 49. f4 Re8+ 50. Kd3 Rf8 51. Rf1 Rd8 52. Kc4
Rb8 53. f5 Rg8 54. Rf3 Rg7 55. Rxg6 Rxg6 56. fxg6+ Kxg6 57. Rg3+ Kh6 58. Rg2
Kh7 59. Kb5 Bf6 60. Kxa5 Bxh4 61. Rh2 Bd8+ 62. Kb5 h4 63. Kxc5 Be7+ 64. Kb5 Kg6
65. a5 Kh5 66. a6 Bd6 67. Rxh4+ Kxh4 68. a7 1-0

[Event "Ä11Â"]
[Site "Loo"]
[Date "2017.04.24"]
[Round "5.6"]
[White "Êîìèññàðîâà, Ñîéæèíà."]
[Black "Êàðìàíîâà, Îëüãà."]
[Result "1-0"]
[WhiteElo "1404"]
[BlackElo "1299"]
[PlyCount "137"]
[EventDate "2017.04.20"]

1. c4 e5 2. Nc3 Nf6 3. g3 d5 4. cxd5 Nxd5 5. Bg2 Nb6 6. Nf3 Nc6 7. d3 Be7 8.
O-O O-O 9. a3 Re8 10. Bd2 Bf8 11. Rc1 Bg4 12. h3 Bh5 13. Be3 Nd4 14. Bxd4 exd4
15. Ne4 c6 16. Re1 h6 17. Nc5 Bxc5 18. Rxc5 Bg6 19. b4 Qf6 20. Rc1 Nd5 21. Qb3
Nc3 22. Rc2 Nb5 23. e4 dxe3 24. fxe3 Rad8 25. Rd2 Rd7 26. a4 Nc7 27. Rdd1 Red8
28. d4 Be4 29. Ne5 Bxg2 30. Kxg2 Re7 31. Rf1 Qe6 32. Qxe6 Nxe6 33. Rf2 f6 34.
Ng6 Red7 35. Nf4 Ng5 36. Rfd2 Ne4 37. Rd3 Kf7 38. Kf3 f5 39. Rb3 c5 40. Nd3 c4
41. Ne5+ Ke7 42. Nxc4 Rc7 43. Ne5 Rc2 44. Nd3 Nd2+ 45. Rxd2 Rxd2 46. Rc3 Ra2
47. a5 g5 48. Ne5 Ke6 49. Rc7 h5 50. Rxb7 g4+ 51. hxg4 hxg4+ 52. Kf4 Rf2+ 53.
Kg5 a6 54. Rb6+ Rd6 55. Nc4 Rxb6 56. axb6 Rh2 57. Na5 Rh8 58. b7 Rg8+ 59. Kf4
Kd6 60. Kxf5 Kc7 61. e4 Kb8 62. d5 Re8 63. d6 Rf8+ 64. Ke6 Re8+ 65. Kd5 Rg8 66.
e5 Rg5 67. d7 Kc7 68. b8=Q+ Kxb8 69. d8=Q+ 1-0

[Event "Ä11Â"]
[Site "Loo"]
[Date "2017.04.24"]
[Round "5.7"]
[White "Øâåäîâà, Àëåêñàíäðà."]
[Black "Èñòîìèíà, Âàëåðèÿ."]
[Result "1-0"]
[WhiteElo "1522"]
[BlackElo "1364"]
[PlyCount "157"]
[EventDate "2017.04.20"]

1. e4 e5 2. Nf3 Nc6 3. Bc4 Bc5 4. c3 Nf6 5. d4 exd4 6. e5 d5 7. Bb5 Ne4 8. cxd4
Bb4+ 9. Bd2 Nxd2 10. Nbxd2 Bg4 11. O-O O-O 12. Bxc6 bxc6 13. Qa4 Bxd2 14. Nxd2
Qg5 15. f4 Qg6 16. Qb3 Rab8 17. Qc3 Rb6 18. b3 Rfb8 19. Nf3 Rb4 20. Rad1 a5 21.
h3 Bd7 22. Rb1 Qg3 23. Qc2 Bxh3 24. Ng5 Be6 25. Qxh7+ Kf8 26. Qh8+ Ke7 27. Qxg7
Qe3+ 28. Kh1 Rxd4 29. Nxe6 Kxe6 30. Qf6+ Kd7 31. Qxf7+ Kc8 32. Rbe1 Qg3 33.
Qf5+ Kb7 34. Qh3 Qg7 35. Qc3 Rg8 36. Re2 Rb4 37. Rc2 Rb6 38. Rf3 d4 39. Qd3 c5
40. Rh3 Rh6 41. Kg1 Rxh3 42. Qxh3 Kb6 43. Qd3 Rf8 44. Qe4 Qg4 45. Rf2 Rd8 46.
Qd3 Rf8 47. f5 Qg5 48. e6 Qc1+ 49. Rf1 Qg5 50. Qf3 Qf6 51. g4 Rh8 52. Qg2 Rg8
53. Rf3 Qe5 54. Qg3 Qe4 55. g5 Qb1+ 56. Rf1 Qe4 57. Qf4 Qc6 58. e7 Qe8 59. f6
Qf7 60. Re1 Kc6 61. Qe4+ Kd7 62. Qf5+ Kd6 63. Qe5+ Kd7 64. Qxc5 Qg6 65. Qxd4+
Kc8 66. Qg4+ Kb7 67. Qe4+ Qxe4 68. Rxe4 Rxg5+ 69. Kh2 Rh5+ 70. Kg3 Rg5+ 71. Kf4
Rg8 72. f7 Rh8 73. f8=Q Rxf8+ 74. exf8=Q Kb6 75. Re6+ Kb7 76. Qc5 Kc8 77. Qc6
Kb8 78. Re8+ Ka7 79. Ra8# 1-0

[Event "Ä11Â"]
[Site "Loo"]
[Date "2017.04.24"]
[Round "5.8"]
[White "Ïëåùåâà, Äàðüÿ."]
[Black "Êîðîâèíà, ßíà."]
[Result "0-1"]
[WhiteElo "1165"]
[BlackElo "1416"]
[PlyCount "66"]
[EventDate "2017.04.20"]

1. e4 c5 2. Nf3 Nc6 3. d4 cxd4 4. Nxd4 g6 5. Nc3 Bg7 6. Nf3 d6 7. Bc4 Nf6 8.
O-O O-O 9. Re1 Bd7 10. Nd5 Nxd5 11. exd5 Na5 12. Bd3 Rc8 13. c3 Nc4 14. Qe2 Ne5
15. Nxe5 dxe5 16. Bg5 h6 17. Be3 a6 18. Qd2 g5 19. h4 f5 20. Qc1 f4 21. Bd2
gxh4 22. Qd1 h3 23. Qf3 hxg2 24. Qxg2 Bf5 25. Qf3 Bxd3 26. Qxd3 e6 27. c4 Qg5+
28. Kh1 Qh4+ 29. Kg1 Qg4+ 30. Kh1 f3 31. Qf1 Rf5 32. dxe6 Rh5+ 33. Qh3 Rxh3#
0-1

[Event "Ä11Â"]
[Site "Loo"]
[Date "2017.04.24"]
[Round "5.9"]
[White "Áûêîâñêèõ, Åêàòåðèíà."]
[Black "Ìàêîãîí, Åëåíà."]
[Result "0-1"]
[WhiteElo "1308"]
[BlackElo "1374"]
[PlyCount "138"]
[EventDate "2017.04.20"]

1. e4 c5 2. Nf3 d6 3. d4 cxd4 4. Nxd4 Nf6 5. Nc3 a6 6. Be3 e6 7. f3 b5 8. Qd2
Nbd7 9. O-O-O Qc7 10. g4 h6 11. h4 Ne5 12. Bf4 Nc4 13. Bxc4 bxc4 14. Nde2 e5
15. Be3 Rb8 16. Rdg1 Qb7 17. Nd1 d5 18. exd5 Nxd5 19. Bf2 Ba3 20. c3 Bd6 21. g5
h5 22. Re1 Be6 23. Bg3 Qc7 24. Qc2 Qb7 25. Qa4+ Qb5 26. Qxb5+ axb5 27. Nf2 Rd8
28. Ne4 Bc7 29. Nc5 Ke7 30. Ng1 f6 31. gxf6+ gxf6 32. Nxe6 Kxe6 33. Ne2 Kf5 34.
b3 cxb3 35. axb3 Rhg8 36. Rhg1 Bb6 37. Rg2 Be3+ 38. Kb2 Bf4 39. Rgg1 Be3 40.
Rh1 Nf4 41. Nxf4 Bxf4 42. Bxf4 Kxf4 43. Rh3 Rg2+ 44. Ka3 Rd3 45. Re4+ Kf5 46.
Kb4 Rf2 47. Kxb5 Rxc3 48. Kb4 Rcxf3 49. Rxf3+ Rxf3 50. Rc4 Rf4 51. Rxf4+ exf4
52. Kc3 Ke4 53. Kd2 Kf3 54. b4 Kg2 55. b5 f3 56. b6 f2 57. b7 f1=Q 58. b8=Q
Qf2+ 59. Kd3 Qf3+ 60. Kd2 Qd5+ 61. Kc3 Qe5+ 62. Qxe5 fxe5 63. Kd3 Kf3 64. Kd2
e4 65. Ke1 Ke3 66. Kf1 Kd2 67. Kf2 e3+ 68. Kf1 e2+ 69. Kg2 e1=Q 0-1

[Event "Ä11Â"]
[Site "Loo"]
[Date "2017.04.24"]
[Round "5.10"]
[White "Ñóäàðêèíà, Åêàòåðèíà."]
[Black "Îëåñê, Êàìèëëà."]
[Result "1-0"]
[WhiteElo "1292"]
[BlackElo "1358"]
[PlyCount "121"]
[EventDate "2017.04.20"]

1. e4 e6 2. d4 d5 3. Nd2 Nf6 4. e5 Nfd7 5. Bd3 c5 6. c3 Qb6 7. Ngf3 Nc6 8. Qa4
a6 9. Nf1 cxd4 10. cxd4 Bb4+ 11. Bd2 Bxd2+ 12. N1xd2 Qxb2 13. Rb1 Qc3 14. Qb3
Qxb3 15. Rxb3 O-O 16. O-O f6 17. Re1 fxe5 18. dxe5 Nc5 19. Rc3 Nxd3 20. Rxd3 a5
21. a3 b5 22. Rb3 b4 23. axb4 Nxb4 24. Nd4 Bd7 25. Ra1 Rfc8 26. Kf1 Nc2 27.
Nxc2 Rxc2 28. Ke1 Rc7 29. Rba3 Bb5 30. Nb3 a4 31. Nd4 Bd7 32. Rb1 Rc4 33. Nf3
Bc6 34. Kd2 h6 35. Kd3 Kf7 36. Nd4 Kg6 37. Rb6 Bd7 38. Nxe6 Bxe6 39. Rxe6+ Kf5
40. Re7 g6 41. Rg7 Re8 42. Ra7 Kxe5 43. R3xa4 Rf8 44. f3 Rff4 45. Rxc4 Rxc4 46.
Rh7 Rh4 47. h3 Kf4 48. Rg7 g5 49. Rd7 Kg3 50. Rxd5 Kxg2 51. Ke3 Kxh3 52. Kf2
Rc4 53. Rd2 Rf4 54. Rd1 Rxf3+ 55. Kxf3 g4+ 56. Kf2 g3+ 57. Kg1 Kg4 58. Kg2 Kf4
59. Rd3 h5 60. Rxg3 h4 61. Rg8 1-0

[Event "Ä11Â"]
[Site "Loo"]
[Date "2017.04.24"]
[Round "5.11"]
[White "Êåêååâà, Ñîôèÿ."]
[Black "Ãóðãåíèäçå, Àëåêñàíäðà."]
[Result "1-0"]
[WhiteElo "1328"]
[BlackElo "1433"]
[PlyCount "67"]
[EventDate "2017.04.20"]

1. e4 d5 2. exd5 Qxd5 3. Nc3 Qa5 4. Nf3 Nf6 5. Be2 Bg4 6. h3 Bh5 7. g4 Bg6 8.
O-O Nc6 9. d4 O-O-O 10. Be3 Qb6 11. Qc1 Nb4 12. Bd1 Qc6 13. a3 Nbd5 14. Ne5 Qd6
15. Nxd5 Qxd5 16. c4 Qe6 17. f4 Qd6 18. f5 Nd7 19. fxg6 Nxe5 20. dxe5 Qxe5 21.
Bf4 Qe6 22. gxf7 Rd3 23. Bf3 Qxf7 24. Qc2 Qg6 25. Qe2 Rb3 26. Qe5 Qb6+ 27. c5
Qa5 28. Qe6+ Kb8 29. Qxb3 Qa6 30. Rad1 Kc8 31. Bxb7+ Qxb7 32. Qe6+ Kb8 33. Rd8+
Qc8 34. Qxc8# 1-0

[Event "Ä11Â"]
[Site "Loo"]
[Date "2017.04.24"]
[Round "5.12"]
[White "Ìîíãóø, Ìèëåíà."]
[Black "Øèõàëèåâà, Àðèàíà."]
[Result "1-0"]
[WhiteElo "1421"]
[BlackElo "1325"]
[PlyCount "115"]
[EventDate "2017.04.20"]

1. d4 d6 2. Nf3 Nf6 3. b3 g6 4. Bb2 Bg7 5. e3 Bg4 6. Be2 c6 7. O-O O-O 8. Nbd2
Nbd7 9. Rc1 Ne8 10. h3 Bxf3 11. Nxf3 f5 12. c4 c5 13. Ba1 e5 14. dxe5 dxe5 15.
Qd5+ Kh8 16. Nxe5 Nxe5 17. Bxe5 Bxe5 18. Qxe5+ Nf6 19. Qxc5 Qd2 20. Bf3 b6 21.
Qa3 Rae8 22. Rfd1 Qa5 23. Qxa5 bxa5 24. Kf1 Rd8 25. Ke2 Kg7 26. Rd2 Kf7 27.
Rcd1 Ke7 28. Rxd8 Rxd8 29. Rxd8 Kxd8 30. Kd3 Ke7 31. Kd4 Kd6 32. a3 Nd7 33. e4
fxe4 34. Bxe4 Nc5 35. b4 axb4 36. axb4 Nxe4 37. Kxe4 Ke6 38. c5 Kd7 39. Kd5 a6
40. c6+ Kc7 41. Kc5 h6 42. g4 g5 43. f3 Kb8 44. Kb6 a5 45. bxa5 Kc8 46. c7 Kd7
47. Kb7 Kd6 48. c8=Q Ke5 49. Qf5+ Kd4 50. Qe6 Kd3 51. a6 Kd4 52. a7 Kd3 53.
a8=R Kd4 54. Rd8+ Kc5 55. Qc6+ Kb4 56. Kc7 Kb3 57. Rb8+ Ka3 58. Qa6# 1-0

[Event "Ä11Â"]
[Site "Loo"]
[Date "2017.04.24"]
[Round "5.13"]
[White "Øóõìàí, Àííà."]
[Black "Ôèëàòîâà, Ñîôüÿ."]
[Result "1-0"]
[WhiteElo "1308"]
[BlackElo "1401"]
[PlyCount "119"]
[EventDate "2017.04.20"]

1. e4 e5 2. Nf3 Nc6 3. Bb5 Nf6 4. O-O Be7 5. d3 O-O 6. Bxc6 dxc6 7. Nxe5 Bd6 8.
Nf3 Bc5 9. d4 Bb6 10. Nc3 a6 11. Bg5 h6 12. Bxf6 Qxf6 13. e5 Qg6 14. Kh1 Rd8
15. h3 Qh5 16. Ne4 Bg4 17. c3 Bxf3 18. Qxf3 Qxf3 19. gxf3 Kh8 20. Rg1 f5 21.
exf6 gxf6 22. Nxf6 Rf8 23. Rg6 Rad8 24. Rag1 Rxf6 25. Rxf6 Rd7 26. Rf8+ Kh7 27.
Rfg8 c5 28. d5 c4 29. R8g2 Rf7 30. f4 Bc5 31. f5 Be7 32. Re1 Bd8 33. Re5 Bf6
34. Re4 Bd8 35. Rf4 Bg5 36. Rf3 Re7 37. Rg4 Re1+ 38. Kg2 Re5 39. Rxc4 Rxd5 40.
Rxc7+ Kg8 41. Rxb7 a5 42. f6 Rd8 43. f7+ Kf8 44. c4 Be7 45. Re3 Bd6 46. Re8+
Rxe8 47. fxe8=Q+ Kxe8 48. Ra7 Bb4 49. a3 Bd2 50. c5 Kd8 51. c6 Kc8 52. b3 Kb8
53. Rh7 Kc8 54. Kf3 Bg5 55. Ke4 Bd8 56. Kd5 Bc7 57. Rh8+ Bd8 58. Kd6 h5 59. c7
Kb7 60. Rxd8 1-0

[Event "Ä11Â"]
[Site "Loo"]
[Date "2017.04.24"]
[Round "5.14"]
[White "Âèøíÿêîâà, Àëèñèÿ."]
[Black "Èëüèíà, Ìàðãàðèòà."]
[Result "1/2-1/2"]
[WhiteElo "1370"]
[BlackElo "1226"]
[PlyCount "116"]
[EventDate "2017.04.20"]

1. d4 d5 2. Nf3 Nf6 3. c4 dxc4 4. Qa4+ Nc6 5. Qxc4 Bg4 6. Nbd2 e6 7. a3 Be7 8.
g3 O-O 9. Bg2 Rb8 10. O-O Na5 11. Qd3 Nc6 12. b4 a6 13. Bb2 Qd7 14. e4 Rfd8 15.
e5 Nd5 16. Ne4 Nb6 17. Neg5 Bxg5 18. Nxg5 Bf5 19. Be4 Nxe5 20. dxe5 Qxd3 21.
Bxd3 Rxd3 22. Rfe1 Rbd8 23. f4 Na4 24. Bc1 R8d4 25. Kf2 Rc4 26. Nf3 Rc2+ 27.
Re2 Rxe2+ 28. Kxe2 Nc3+ 29. Kf2 Nd1+ 30. Ke2 Nc3+ 31. Kf2 Ne4+ 32. Kg2 Nc3 33.
Kf2 Nd1+ 34. Ke2 Nc3+ 35. Kf2 Na4 36. Be3 Nc3 37. Bc1 Na4 38. Be3 Kf8 39. Nd4
Nb6 40. Nxf5 exf5 41. Bxb6 cxb6 42. Ke2 Rc3 43. Kd2 Rb3 44. Rc1 Rxa3 45. Rc8+
Ke7 46. Rc7+ Kf8 47. Rxb7 b5 48. Rc7 Rb3 49. Rc6 Rxb4 50. Rxa6 Rb2+ 51. Ke3
Rxh2 52. Rb6 Rb2 53. Rb8+ Ke7 54. Rb7+ Kf8 55. Rb8+ Ke7 56. Rb7+ Ke6 57. Rb6+
Ke7 58. Rb7+ Kf8 1/2-1/2

[Event "Ä11Â"]
[Site "Loo"]
[Date "2017.04.24"]
[Round "5.15"]
[White "Ïåòðîâà, Åëèçàâåòà."]
[Black "Øåâÿêîâà, Àëåíà."]
[Result "1/2-1/2"]
[WhiteElo "1350"]
[BlackElo "1164"]
[PlyCount "92"]
[EventDate "2017.04.20"]

1. c4 Nf6 2. Nf3 e6 3. Nc3 Bb4 4. d3 Bxc3+ 5. bxc3 c5 6. g3 Nc6 7. Bg2 O-O 8.
O-O d6 9. Rb1 Qc7 10. Bg5 Nd7 11. Qc2 f6 12. Bd2 e5 13. e3 Nb6 14. h4 Bf5 15.
e4 Bg4 16. Nh2 Be6 17. Qd1 f5 18. Qe2 Rae8 19. Bf3 fxe4 20. Bxe4 Qf7 21. Bg2
Re7 22. Bg5 Rd7 23. Kh1 h6 24. Be3 Qg6 25. h5 Qe8 26. Bf3 Bh3 27. Bg2 Be6 28.
Bf3 Bh3 29. Rfe1 Be6 30. Bg4 Kh8 31. Kg2 Rdf7 32. Bxe6 Qxe6 33. Qg4 Qxg4 34.
Nxg4 Na4 35. Rb3 Nb6 36. f4 Rf5 37. Rh1 Re8 38. fxe5 Nxe5 39. Nxe5 Rexe5 40.
Bf4 Re6 41. Kf3 Rf7 42. Rhb1 Ree7 43. Kg4 Rd7 44. Re1 Kh7 45. Re6 Nc8 46. a4
Rfe7 1/2-1/2